书目信息 |
| 题名: |
拥抱生活快乐人生
|
|
| 作者: | 文浩 著 | |
| 分册: | ||
| 出版信息: | 北京 中国三峡出版社 2003.03 |
|
| 页数: | 176页 | |
| 开本: | 21cm | |
| 丛书名: | 九歌人生之旅文丛 | |
| 单 册: | ||
| 中图分类: | B848.4-49 | |
| 科图分类: | ||
| 主题词: | 成功心理学--通俗读物 | |
| 电子资源: | ||
| ISBN: | 7-80099-711-1 | |
| 000 | 00897nam2 2200253 45 | |
| 005 | 20041206151815.43 | |
| 010 | @a7-80099-711-1@dCNY 12.00 | |
| 100 | @a20030425d2003 em y0chiy0121 ea | |
| 101 | 0 | @achi |
| 102 | @aCN@b110000 | |
| 105 | @aa z 000yy | |
| 200 | 1 | @a拥抱生活快乐人生@Ayong bao sheng huo kuai li ren sheng@dEmbrace your existence and enjoy your life@e财富、工作与人生兼享的智慧@f文浩著@zeng |
| 210 | @a北京@c中国三峡出版社@d2003.03 | |
| 215 | @a176页@c图@d21cm | |
| 225 | 2 | @a九歌人生之旅文丛 |
| 330 | @a本书内容: 生活放轻松; 快乐由我心; 人生如此多娇; 让受撒满人间。 | |
| 410 | 0 | @12001 @a九歌人生之旅文丛 |
| 510 | 1 | @aEmbrace your existence and enjoy your life@zeng |
| 517 | 1 | @a财富、工作与人生兼享的智慧 |
| 606 | 0 | @a成功心理学@j通俗读物 |
| 690 | @aB848.4-49@v4 | |
| 701 | 0 | @a文浩@Awen hao@4著 |
| 801 | 0 | @aCN@bQSSKxf1@c20041206 |
| 905 | @a10447@dB848.4-49@eW631 | |
| 拥抱生活快乐人生=Embrace your existence and enjoy your life:财富、工作与人生兼享的智慧/文浩著.-北京:中国三峡出版社,2003.03 |
| 176页:图;21cm.-(九歌人生之旅文丛) |
| ISBN 7-80099-711-1:CNY 12.00 |
| 本书内容: 生活放轻松; 快乐由我心; 人生如此多娇; 让受撒满人间。 |
| ● |
| 相关链接 |
|
|
|
正题名:拥抱生活快乐人生
索取号:B848.4-49/W631
 
预约/预借
| 序号 | 登录号 | 条形码 | 馆藏地/架位号 | 状态 | 备注 |
| 1 | 430252 | 204302520 | 社科库509/509社科库 52排4列1层/ [索取号:B848.4-49/W631] | 在馆 | |
| 2 | 430253 | 204302539 | 社科库509/ [索取号:B848.4-49/W631] | 在馆 | |
| 3 | 430254 | 204302548 | 社科库509/509社科库 52排4列1层/ [索取号:B848.4-49/W631] | 在馆 |